La muerte del Imperio Azteca. (Record no. 109276)

MARC details
000 -LEADER
campo de control de longitud fija 00583nam a2200193 i 4500
001 - NÚMERO DE CONTROL
campo de control 109276
003 - IDENTIFICADOR DE NÚMERO DE CONTROL
campo de control ES-MaACL
005 - FECHA Y HORA DE LA ÚLTIMA TRANSACCIÓN
campo de control 20250818131145.0
007 - CAMPO FIJO DE DESCRIPCIÓN FÍSICA--INFORMACIÓN GENERAL
campo de control de longitud fija t|
008 - DATOS DE LONGITUD FIJA--INFORMACIÓN GENERAL
campo de control de longitud fija 061121s1968 sp af r ||||1| spa d
245 03 - MENCIÓN DEL TÍTULO
Título La muerte del Imperio Azteca.
260 ## - PUBLICACIÓN, DISTRIBUCIÓN, ETC.
Lugar de publicación, distribución, etc. [Madrid] :
Nombre del editor, distribuidor, etc. Círculo de Amigos de la Historia,
Fecha de publicación, distribución, etc. [1968]
300 ## - DESCRIPCIÓN FÍSICA
Extensión 247 p., 12 lám. :
Otras características físicas il. ;
Dimensiones 18 cm.
650 #4 - PUNTO DE ACCESO ADICIONAL DE MATERIA--TÉRMINO DE MATERIA
Término de materia o nombre geográfico como elemento de entrada Aztecas-
Subdivisión general Historia.
9 (RLIN) 10471
651 #4 - PUNTO DE ACCESO ADICIONAL DE MATERIA--NOMBRE GEOGRÁFICO
Nombre geográfico México-
Subdivisión general Historia-
Subdivisión cronológica 1517-1521, Descubrimiento y conquista.
9 (RLIN) 136484
700 2# - ENTRADA AGREGADA--NOMBRE PERSONAL
Nombre de persona
9 (RLIN) 241890
852 ## - LOCALIZACIÓN
Ubicación ES-MaACL
Número de control de estantería C-36487
Holdings
Estatus retirado Estado de pérdida Estado de daño No para préstamo Biblioteca de origen Biblioteca actual Ubicación en estantería Fecha de adquisición Fuente de adquisición Total de préstamos Signatura topográfica completa Código de barras Visto por última vez Precio de reemplazo Tipo de ítem Koha
        Biblioteca del Ateneo de Madrid Biblioteca del Ateneo de Madrid Depósito 2 17/01/2008     C-36487 1114022 23/02/2023 23/02/2023 Libro impreso